Państwa od których Stany Zjednoczone zdobyły swoje tereny - Statystyki

Ogólne statystyki
  • Ten quiz został rozwiązany 36 razy
  • Średni wynik to 6 z 7
Statystyki odpowiedzi
Terytorium Rok Sposób zdobycia Państwo % Poprawnych
Zachodnie Stany Zjednoczone 1848 Wojna Meksyk
100%
Alaska 1867 Zakup Rosja
100%
Luizjana 1803 Zakup Francja
97%
Floryda 1819 Traktat Hiszpania
94%
Oregon 1846 Traktat Wielka Brytania
82%
Teksas 1845 Aneksja Teksas
64%
Hawaje 1898 Aneksja Hawaje
55%
Nie znaleziono quizów pasujących do podanych kryteriów
Rozkład punktacji
Procent ludzi z każdym wynikiem
Percentyl według liczby udzielonych odpowiedzi
Twoja historia wyników
Nie rozwiązałeś tego quizu